000 00758nam a2200169 a 4500
008 161006s2014 ||||||||||||||||| || u
050 _aUNECE(08)FP/36
110 _aUnited Nations Economic Commission for Europe (UNECE)
245 1 0 _aForest products:annual market review 2013-2014
_cby United Nations Economic Commision for Europe
260 _aGeneva
_bUnited Nations Economic Commission for Europe (UNECE)
_c2014
300 _axvii,133p.: ill.
650 _aFORESTRY
650 _aFOREST PRODUCTS INDUSTRY
650 _aFOREST PRODUCTS--MARKETING
650 _aFOREST PRODUCTS--EUROPE--STATISTICS--PERIODICALS
995 _FCBU-MAIN LIBRARY (Kitwe)
_M1
_UAVAILABLE
_WOct 6, 2016
_ZInternational Publications
999 _c43785
_d43785